Maria Botelha a garrafa aventureira (Registo nº 4423)

Detalhes MARC
000 -Etiqueta do registo
Cabeçalho 00731nam0a2200253 4500
005 - Identificador da versão
Campo de controlo 20240813122101.0
010 ## - Número internacional normalizado dos livros (ISBN)
Número (ISBN) 9789899679160
021 ## - Número do Depósito Legal
Código do país PT
Número 335449/11
100 ## - Dados gerais de processamento
Dados gerais de processamento 20190527d2011 c y0pory5003 ba
102 ## - Pais de publicação ou produção
País de publicação Portugal
101 0# - Língua de publicação
Língua do texto, banda sonora, etc. Português
215 ## - Descrição física 
Indicação específica da natureza do documento e extensão da espécie [32]
Outras indicações físicas il. color
200 1# - Titulo e menção de responsabilidade
Título próprio Maria Botelha a garrafa aventureira
Primeira menção de responsabilidade Pedro Seromenho escreveu e ilustrou
205 ## - Menção da edição
Menção da edição 1ª ed
210 ## - Publicação, Distribuição, etc. 
Lugar da edição, distribuição, etc. Braga
Nome do editor, distribuidor, etc. Paleta de Letras
Data da publicação, distribuição, etc. 2011
606 ## - Nome comum usado como assunto
Número de registo de entrada de autoridade 0001335
Palavra de ordem Literatura portuguesa
Subdivisão de assunto Conto
Código do sistema CA
675 ## - Classificação Decimal Universal (CDU)
Notação 821.134.3-34
Edição 3ª ed.
Língua da edição por
702 #1 - Nome de autor-pessoa física (responsabilidade secundária)
Número de registo de entrada de autoridade 0002144
Palavra de ordem Seromenho
Outra parte do nome não tomada para palavra de ordem Pedro
Datas 1975-
Código de função Ilustrador / Técnico de desenho computorizado
700 #1 - Nome de autor-pessoa física (responsabilidade principal)
Número de registo de entrada de autoridade 0002143
Palavra de ordem Seromenho
Outra parte do nome não tomada para palavra de ordem Pedro
Datas 1975-
966 ## - Identificação da Biblioteca
Sigla EBVEN
942 ## - Elementos de entrada adicionados (Koha)
Tipo de item no Koha Livro
Exemplares
Situação do levantamento Origin of item (home branch) (coded) Biblioteca de empréstimo Código de barras Cota Circulation type (not for loan) Tipo de documento Nota do exemplar Damaged status
  Biblioteca Escolar das Vendas Biblioteca Escolar das Vendas BEV2490 8POR SER   Livro Sem mensagem